02782nam a22005897a 4500003000900000005001700009008004100026040002800067041001300095044000700108245015300115260005000268300004000318505001100358505003700369505003700406505001700443505003600460505008300496505002300579505003300602505004600635505003800681505001800719505003300737505004600770505007400816505002500890505003300915505004600948505006800994505002201062505003301084505004601117505004701163505002401210505003301234505004601267505006901313505004101382520044301423600003801866650002801904650004201932908000801974930001001982942001301992945002002005980004302025999001702068952010702085AR-RoUNA20250409172321.0250409b |||||||| |||| 00| 0 spa d aAR-RoUNAbspadAR-RoUNA aspahspa aag1 aPrograma URB-AL :bProyecto Rosario SUMA. una solucion urbana desde una mirada alternativa /c editor Josep Mª Llop Torne; Municipalidad de Rosario aRosario, (Sta Fe, Argentina) :bURB-AL,c2007 a71 p.:bfot. col.bplanosc27x21 cm0 tINDICE0 t01. Proyecto URB-AL Rosario Suma0 aIntroduccion Arq. Josep Mª Llop0 aAntecedentes0 aBescripcion del proyecto URB-AL0 t02. Participacion de las ciudades socias en el marco del proyecto Rosario Suma0 tCiudad de Cagliari0 aCaracterizacion de la ciudad0 aPolitica referida a los espacios publicos0 aDescripcion del proyecto Sardegna0 tCiudad Lleida0 aCaracterizacion de la ciudad0 aPolitica referida a los espacios publicos0 aDescripcion del proyecto: Sumar el Parc Gardeny a la ciudad de Lleida0 tCiudad de Montevideo0 aCaracterizacion de la ciudad0 aPolitica referida a los espacios publicos0 aDescripcion del proyecto: Plan especial Arroyo Miguelete (PEAM)0 tCiudad de Rosario0 aCaracterizacion de la ciudad0 aPolitica referida a los espacios publicos0 aDescripcion del Proyecto Hipolito Yrigoyen0 tCiudad de Sao Paulo0 aCaracterizacion de la ciudad0 aPolitica referida a los espacios publicos0 aDescripcion del proyecto: Programa Munumental / Jardin de la Luz0 tReflexiones finales Arq. Mirta Levin0 aEl proyecto comun de tipo B, R7-B1-03 "Rosario Suma. Una Solucion Urbana desde una Mirada Alternativa"; forma parte de la Red Nº 7 "Control y Gestion de la Urbanizacion" del programa URB-AL, subvencionado por la Union Europea. En el proyecto participaron 4 ciudades socias: Lleida (España), Regione Autonoma della Sardegna (Italia), Sao Paulo (Brasil), Montevideo (Uruguay) y Rosario (Argentina), esta ultima como ciudad coordinadora.0 aLlop Torne, Josep Mªearq927023 aUrbanizacionvProyectos aOrdenamiento territorialvMetodologia aImp e12178 2ddccLIB aMIAd2025-04-09 61aMaricel Allasia81gMaricel Allasia c11901d11901 00102cdu405070aAR-RoUNAbAR-RoUNAcTecd2025-04-09l0o711.2(821.6.17) P964p18293tej. 1yLIBx